00901nam a2200253 a 450000100060000000300080000600500170001400800410003102000280007203500190010004000270011904100080014605100220015408200220017610000390019824500800023726000480031730000260036550400410039165000440043294200120047699900170048895201420050567278BD-RjUL20211209081631.0170323s1986 enk b 001 0 eng  a0198519710 (alk. paper) a(BD-RjUL)67409 aDLCcDLCdBD-RjULbeng aeng aQC21.2b.P35 198600a530223bPAI 19861 aPais, Abraham,d1918-2000.919933910aInward bound :bof matter and forces in the physical world /cAbraham Pais. aNew York :bOxford University Press,c1986. axiv, 666 p. ;c25 cm. aIncludes bibliographies and indexes. 0aPhysicsxHistoryy20th century.9199340 2ddccBK c67278d67278 00102ddc40718NFICaRUCLbRUCLcReadingd1994-08-14eAligarh Libraryg30.00l0o530 PAI 1986r2017-03-23 00:00:00tC-1w2017-03-23yBK